Data Communications (Record no. 612085)

000 -LEADER
fixed length control field 00328nam a22001337a 4500
020 ## - INTERNATIONAL STANDARD BOOK NUMBER
International Standard Book Number 0070010978
040 ## - CATALOGING SOURCE
Transcribing agency NUST
082 ## - DEWEY DECIMAL CLASSIFICATION NUMBER
Classification number 006.6
Author Mark SCH
100 ## - MAIN ENTRY--PERSONAL NAME
Personal name William L. Schweber
9 (RLIN) 126057
245 ## - TITLE STATEMENT
Title Data Communications
260 ## - PUBLICATION, DISTRIBUTION, ETC.
Place of publication, distribution, etc. New York:
Name of publisher, distributor, etc. Glencoe McGraw Hill,
Date of publication, distribution, etc. 1995..
650 ## - SUBJECT ADDED ENTRY--TOPICAL TERM
Source of heading or term Data Communications
942 ## - ADDED ENTRY ELEMENTS (KOHA)
Source of classification or shelving scheme
Koha item type Book

No items available.

© 2023 Central Library, National University of Sciences and Technology. All Rights Reserved.